00299pab a2200109 454500008004000000245006400040260000900104300000900113362000900122650001500131773004300146180718b1988 xxu||||| |||| 00| 0 eng d aSpecial issue on visionary realism and political leadership c1988 a1-86 aJan. aLeadership aInternational Political Science Review